| 000 | 01097pam a2200241 i 4500 | ||
|---|---|---|---|
| 003 | OSt | ||
| 005 | 20211207153823.0 | ||
| 008 | 800108r1980 ctua b 001 0 eng | ||
| 040 |
_aDLC _cCO-JMCR |
||
| 041 | 0 | _aeng | |
| 082 | 0 | 4 |
_a336.73 / _bL673f _223 |
| 100 | 1 |
_aLewis, Wilfred. _941785 |
|
| 245 | 1 | 0 |
_aFederal fiscal policy in the postwar recessions / _cWilfred Lewis, Jr. |
| 260 |
_aWestport, Conn. : _bGreenwood Press, _c1962. |
||
| 300 |
_axv, 311 pages : _bIllustrations and graphics in black and white. ; _c24 cm. |
||
| 500 | _aReprint of the ed. published by Brookings Institution, Washington in series: Studies of government finance. | ||
| 504 | _aIncludes bibliographical references and index. | ||
| 505 | 0 | _aFiscal effects of the built-in stabilizers. -- The economic significance of built-in stabilizers. -- Recession and recovery, 1948-1950. -- Recession and recovery, 1953-1955. -- Recession and recovery, 1960-1960. | |
| 650 | 1 | 4 |
_aFiscal policy _zUnited States. _941786 |
| 650 | 2 | 4 |
_aFiscal effects _941787 |
| 830 | 0 |
_aStudies of government finance. _922966 |
|
| 942 |
_2ddc _cBK |
||
| 999 |
_c12816 _d12816 |
||